00634 a2200205 4500003000500000005001700005010001300022040000900035082001500044100002900059245004200088260004100130300001800171600002900189650003100218651001000249942002400259999001900283952012600302Nust20230201115916.0 a38023776 cNust a808.83,LOR aLorac, E. C. R.,9108354 aBats in the belfry / cE. C. R. Lorac aNew YorkbThe Macaulay companyc1937 a255 p.b20 cm aLorac, E. C. R.,9108354 aBats in the belfry9108355 aNovel 2ddccBKk808.83,LOR c186398d186398 00102ddc4070aMCSbMCScGENd2016-12-12o808.83,LORpMCS30087r2016-12-08w2016-12-12yBKzAlmirah No. 57, Shelf No. 1